Коммунистическое движение в 70-е годы. Ч. 1: Доклады (Запись № 7330482)

Подробности
000 -МАРКЕР
контрольное поле 01398nam2a22002411 4500
001 - ИДЕНТИФИКАТОР ЗАПИСИ
контрольное поле rc\2182323
005 - ИДЕНТИФИКАТОР ВЕРСИИ
контрольное поле 20250623055306.0
035 ## - ДРУГИЕ СИСТЕМНЫЕ НОМЕРА
Идентификатор записи (NLR Aleph) 006609165
100 ## - ДАННЫЕ ОБЩЕЙ ОБРАБОТКИ
Данные общей обработки 20110829d1979 |||y0rusy50 ca
101 0# - ЯЗЫК РЕСУРСА
Язык текста, звукозаписи и т.д. русский
102 ## - СТРАНА ПУБЛИКАЦИИ ИЛИ ПРОИЗВОДСТВА
Страна публикации Российская Федерация
105 ## - ПОЛЕ КОДИРОВАННЫХ ДАННЫХ: ТЕКСТОВЫЕ МАТЕРИАЛЫ, МОНОГРАФИЧЕСКИЕ
Кодированные данные о монографическом текстовом документе y z |||||
200 1# - ЗАГЛАВИЕ И СВЕДЕНИЯ ОБ ОТВЕТСТВЕННОСТИ
Основное заглавие Доклады
210 ## - ПУБЛИКАЦИЯ, РАСПРОСТРАНЕНИЕ И ДР.
Место издания, распространения и т.д. Москва
Имя издателя, распространителя и т. д. Б. и.
Дата издания, распространения и т.д. 1979
215 ## - ФИЗИЧЕСКАЯ ХАРАКТЕРИСТИКА
Специфическое обозначение материала и объем 110 с.
333 ## - ПРИМЕЧАНИЯ ОБ ОСОБЕННОСТЯХ РАСПРОСТРАНЕНИЯ И ИСПОЛЬЗОВАНИЯ
Текст примечания ДСП
461 #0 - УРОВЕНЬ НАБОРА
Встроенное поле 001rc\2182322
-- 2001#$aКоммунистическое движение в 70-е годы$e(К 10-летию Совещ. ком. и рабочих партий 1969 г.)$eМатериалы Науч.-теорет. конф., состоявшейся в Акад. обществ. наук при ЦК КПСС 18 апр. 1979 г.$e[В 2 т.]$f[Под ред. Ю.А. Красина (отв. ред.) и др.]$vЧ. 1
Системный номер (АБИС) связанной записи 7330476
Место публикации Москва
Дата публикации 1979
Первые сведения об ответственности [Под ред. Ю.А. Красина (отв. ред.) и др.]
Имя издателя, распространителя и т.д. Б. и.
Сведения, относящиеся к заглавию (К 10-летию Совещ. ком. и рабочих партий 1969 г.) : Материалы Науч.-теорет. конф., состоявшейся в Акад. обществ. наук при ЦК КПСС 18 апр. 1979 г. : [В 2 т.]
Заглавие Коммунистическое движение в 70-е годы
Номер тома Ч. 1
801 #0 - ИСТОЧНИК ЗАПИСИ
Страна Российская Федерация
Организация NLR
Правила каталогизации psbo
801 #1 - ИСТОЧНИК ЗАПИСИ
Страна Российская Федерация
Организация ELAR
Источник данных rusmarc
852 ## - МЕСТОНАХОЖДЕНИЕ И ШИФР ХРАНЕНИЯ
Идентификатор организации NLR
Шифр хранения (Call Number) 80-50К/470
942 ## - ДОПОЛНИТЕЛЬНЫЕ ЭЛЕМЕНТЫ ЗАПИСИ (АБИС)
Тип экземпляра АБИС Книга
980 ## - КОЛЛЕКЦИЯ
Название коллекции Национальная библиография
Экземпляры
Тип экземпляра Дата поступления Библиотека постоянного хранения Библиотека текущего хранения Место хранения Шифр хранения Штрих-код Статус экземпляра
Книга 26.10.2013 РНБ (Московский) РНБ (Московский) Фонд литературы для служебного пользования 80-50К/470 6609165-10